Todas as Músicas dos Beatles - Statistics

General Stats
  • This quiz has been taken 38 times
  • The average score is 72 of 210
Answer Stats
Year Album Song % Correct
1965 Help! Help!
92%
1962 Please Please Me Please Please Me
92%
1969 Abbey Road Here Comes the Sun
88%
1969 Let It Be Let It Be
88%
1966 Revolver Yellow Submarine
83%
1964 A Hard Day's Night A Hard Day's Night
79%
1965 Rubber Soul In My Life
79%
1965 Help! Yesterday
79%
1967 Abbey Road Come Together
75%
1966 Revolver Eleanor Rigby
75%
1967 Sgt. Pepper's Lonely Hearts Club Band Sgt. Pepper's Lonely Hearts Club Band
75%
1969 Past Masters Don't Let Me Down
71%
1968 Past Masters Hey Jude
71%
1962 Please Please Me Love Me Do
71%
1963 Please Please Me Twist and Shout
71%
1968 The Beatles While My Guitar Gently Weeps
71%
1963 Past Masters I Want to Hold Your Hand
67%
1967 Sgt. Pepper's Lonely Hearts Club Band Lucy in the Sky with Diamonds
67%
1969 Abbey Road Oh! Darling
67%
1969 Abbey Road Something
67%
1965 Help! Ticket to Ride
67%
1967 Sgt. Pepper's Lonely Hearts Club Band With a Little Help from My Friends
67%
1967 Sgt. Pepper's Lonely Hearts Club Band A Day in the Life
63%
1969 Abbey Road Golden Slumbers
63%
1963 Please Please Me I Saw Her Standing There
63%
1966 Revolver Taxman
63%
1964 A Hard Day's Night And I Love Her
58%
1964 A Hard Day's Night Can't Buy Me Love
58%
1969 Let It Be Get Back
58%
1965 Rubber Soul Girl
58%
1969 Abbey Road Her Majesty
58%
1968 The Beatles Ob-La-Di, Ob-La-Da
58%
1969 Abbey Road Octopus's Garden
58%
1967 Magical Mystery Tour Strawberry Fields Forever
58%
1969 Abbey Road The End
58%
1969 Let It Be Across the Universe
54%
1963 With the Beatles All My Loving
54%
1967 Magical Mystery Tour All You Need Is Love
54%
1968 The Beatles Blackbird
54%
1963 Please Please Me Boys
54%
1963 Please Please Me Chains
54%
1965 Rubber Soul Drive My Car
54%
1964 Beatles for Sale Eight Days a Week
54%
1967 Magical Mystery Tour Hello, Goodbye
54%
1964 A Hard Day's Night If I Fell
54%
1968 Let It Be I Me Mine
54%
1969 Abbey Road Because
50%
1966 Revolver Here, There and Everywhere
50%
1969 Abbey Road I Want You (She's So Heavy)
50%
1968 The Beatles Julia
50%
1969 Magical Mystery Tour Magical Mystery Tour
50%
1965 Rubber Soul Michelle
50%
1967 Magical Mystery Tour Penny Lane
50%
1963 Past Masters She Loves You
50%
1969 Let It Be Two of Us
50%
1963 Please Please Me Anna (Go to Him)
46%
1969 Abbey Road Carry That Weight
46%
1966 Revolver For No One
46%
1968 The Beatles Honey Pie
46%
1966 Revolver I'm Only Sleeping
46%
1968 The Beatles I Will
46%
1969 Abbey Road Maxwell's Silver Hammer
46%
1968 Past Masters Revolution
46%
1968 The Beatles Revolution 9
46%
1968 The Beatles Back in the U.S.S.R.
42%
1967 Sgt. Pepper's Lonely Hearts Club Band Being for the Benefit of Mr. Kite!
42%
1969 Let It Be Dig a Pony
42%
1967 Sgt. Pepper's Lonely Hearts Club Band Lovely Rita
42%
1967 Sgt. Pepper's Lonely Hearts Club Band She's Leaving Home
42%
1967 Sgt. Pepper's Lonely Hearts Club Band When I'm Sixty-Four
42%
1963 Please Please Me Baby It's You
38%
1968 The Beatles Birthday
38%
1963 Please Please Me Do You Want to Know a Secret
38%
1968 The Beatles Everybody's Got Something to Hide Except Me and My Monkey
38%
1967 Sgt. Pepper's Lonely Hearts Club Band Fixing a Hole
38%
1968 The Beatles Happiness is a Warm Gun
38%
1968 The Beatles Helter Skelter
38%
1969 Yellow Submarine Hey Bulldog
38%
1968 Past Masters Lady Madonna
38%
1963 Please Please Me Misery
38%
1965 Rubber Soul Norwegian Wood (This Bird Has Flown)
38%
1965 Rubber Soul Nowhere Man
38%
1968 The Beatles Piggies
38%
1962 Please Please Me P.S. I Love You
38%
1969 Let It Be The Long and Winding Road
38%
1963 With the Beatles Till There Was You
38%
1967 Magical Mystery Tour Your Mother Should Know
38%
1965 Past Masters Day Tripper
33%
1968 The Beatles Dear Prudence
33%
1968 The Beatles Glass Onion
33%
1967 Sgt. Pepper's Lonely Hearts Club Band Good Morning Good Morning
33%
1968 The Beatles Good Night
33%
1964 Beatles for Sale I'll Follow the Sun
33%
1963 With the Beatles Little Child
33%
1968 The Beatles Martha My Dear
33%
1966 Past Masters Paperback Writer
33%
1963 With the Beatles Please Mr. Postman
33%
1968 The Beatles Rocky Raccoon
33%
1965 Rubber Soul Run for Your Life
33%
1969 Abbey Road Sun King
33%
1967 Magical Mystery Tour The Fool on the Hill
33%
1968 The Beatles Wild Honey Pie
33%
1969 Abbey Road You Never Give Me Your Money
33%
1963 Please Please Me A Taste of Honey
29%
1964 Beatles for Sale Baby's in Black
29%
1967 Sgt. Pepper's Lonely Hearts Club Band Getting Better
29%
1967 Magical Mystery Tour I Am the Walrus
29%
1964 Past Masters I Feel Fine
29%
1964 A Hard Day's Night I Should Have Known Better
29%
1969 Abbey Road Mean Mr. Mustard
29%
1964 Beatles for Sale No Reply
29%
1964 With the Beatles Roll Over Beethoven
29%
1968 The Beatles Savoy Truffle
29%
1969 Abbey Road She Came in Through the Bathroom Window
29%
1965 Rubber Soul The Word
29%
1963 Past Masters This Boy
29%
1967 Sgt. Pepper's Lonely Hearts Club Band Within You Without You
29%
1965 Help! Act Naturally
25%
1966 Revolver And Your Bird Can Sing
25%
1962 Please Please Me Ask Me Why
25%
1967 Magical Mystery Tour Blue Jay Way
25%
1966 Revolver Doctor Robert
25%
1966 Revolver Good Day Sunshine
25%
1968 The Beatles I'm So Tired
25%
1969 Let It Be I've Got a Feeling
25%
1965 Help! I've Just Seen a Face
25%
1968 The Beatles Sexy Sadie
25%
1966 Revolver She Said She Said
25%
1963 Please Please Me There's a Place
25%
1966 Revolver Tomorrow Never Knows
25%
1968 The Beatles Yer Blues
25%
1970 Let It Be Dig It
21%
1968 The Beatles Don't Pass Me By
21%
1967 Magical Mystery Tour Flying
21%
1966 Revolver Got To Get You Into My Life
21%
1964 Beatles for Sale Honey Don't
21%
1965 Rubber Soul If I Needed Someone
21%
1964 Beatles for Sale I'm a Loser
21%
1964 A Hard Day's Night I'm Happy Just to Dance with You
21%
1963 With the Beatles It Won't Be Long
21%
1963 With the Beatles I Wanna Be Your Man
21%
1968 The Beatles Long, Long, Long
21%
1966 Revolver Love You To
21%
1964 Beatles for Sale Mr. Moonlight
21%
1969 Past Masters Old Brown Shoe
21%
1969 Let It Be One After 909
21%
1969 Abbey Road Polythene Pam
21%
1966 Past Masters Rain
21%
1969 Past Masters The Ballad of John and Yoko
21%
1968 The Beatles Why Don't We Do It in the Road?
21%
1965 Help! You've Got to Hide Your Love Away
21%
1967 Magical Mystery Tour Baby, You're a Rich Man
17%
1965 Help! Dizzy Miss Lizzy
17%
1969 Let It Be For You Blue
17%
1963 Past Masters From Me to You
17%
1965 Rubber Soul I'm Looking Through You
17%
1965 Help! I Need You
17%
1965 Help! It's Only Love
17%
1966 Revolver I Want to Tell You
17%
1968 The Beatles Revolution 1
17%
1964 Beatles for Sale Rock and Roll Music
17%
1964 A Hard Day's Night Tell Me Why
17%
1968 The Beatles The Continuing Story of Bungalow Bill
17%
1964 A Hard Day's Night Things We Said Today
17%
1965 Rubber Soul Wait
17%
1965 Rubber Soul What Goes On
17%
1965 Help! You Like Me Too Much
17%
1965 Help! You're Going to Lose That Girl
17%
1965 Help! Another Girl
13%
1964 A Hard Day's Night Any Time at All
13%
1968 The Beatles Cry Baby Cry
13%
1963 With the Beatles Hold Me Tight
13%
1964 Beatles for Sale I Don't Want to Spoil the Party
13%
1964 A Hard Day's Night I'll Be Back
13%
1969 Yellow Submarine It's All Too Much
13%
1964 Beatles for Sale Kansas City / Hey, Hey, Hey, Hey
13%
1964 Past Masters Long Tall Sally
13%
1969 Let It Be Maggie Mae
13%
1963 With the Beatles Money (That's What I Want)
13%
1968 The Beatles Mother Nature's Son
13%
1965 Rubber Soul Think for Yourself
13%
1964 A Hard Day's Night When I Get Home
13%
1965 Past Masters Yes it Is
13%
1964 A Hard Day's Night You Can't Do That
13%
1965 Rubber Soul You Won't See Me
13%
1969 Yellow Submarine All Together Now
8%
1965 Past Masters Bad Boy
8%
1963 With the Beatles Devil in Her Heart
8%
1963 With the Beatles Don't Bother Me
8%
1964 Beatles for Sale Everybody's Trying to Be My Baby
8%
1964 Beatles for Sale Every Little Thing
8%
1965 Past Masters I'm Down
8%
1964 Past Masters Matchbox
8%
1963 With the Beatles Not a Second Time
8%
1964 Past Masters She's a Woman
8%
1965 Help! Tell Me What You See
8%
1963 Past Masters Thank You Girl
8%
1965 Help! The Night Before
8%
1964 Beatles for Sale What You're Doing
8%
1964 Beatles for Sale Words of Love
8%
1970 Past Masters You Know my Name (Look Up the Number)
8%
1963 With the Beatles You Really Got a Hold on Me
8%
1963 With the Beatles All I've Got to Do
4%
1964 Past Masters I Call Your Name
4%
1964 A Hard Day's Night I'll Cry Instead
4%
1963 Past Masters I'll Get You
4%
1969 Yellow Submarine Only a Northern Song
4%
1964 Past Masters Slow Down
4%
1965 Past Masters We Can Work It Out
4%
1968 Past Masters The Inner Light
0%
No matching quizzes found
Score Distribution
Percent of People with Each Score
Percentile by Number Answered
Your Score History
You have not taken this quiz